| 000 | 00906nac a22002657a 4500 | ||
|---|---|---|---|
| 001 | BR7803684 | ||
| 003 | BR-BrBNA | ||
| 005 | 20240105114237.0 | ||
| 008 | 230509b bl.|||m| |||| 00| 0 por d | ||
| 040 |
_aBR-BrBNA _bpor _cBiblioteca Nacional de Agricultura |
||
| 072 | _aE70 | ||
| 090 | _a0120 BR7803684 | ||
| 110 | 1 |
_aEmpresa Brasileira de Pesquisa Agropecuaria, Brasilia, DF. Depto. de Difusao de Tecnologia _93869 |
|
| 245 | 1 | _aCotacoes de mercado e demais indicadores economicos. Milho e sorgo. Agosto 1978 [Zea mays; Sorghum spp; Brasil] | |
| 260 | 3 |
_aBrasilia, DF (Brasil): _c1978. |
|
| 300 | _a10 p. | ||
| 490 |
_aSerie Economia - Empresa Brasileira de Pesquisa Agropecuaria (Brazil) _vno. 3 _x |
||
| 650 | _aComercializacao | ||
| 650 | _aMilho | ||
| 650 | _aSorgo | ||
| 650 | _aMercado | ||
| 650 | _aPreco | ||
| 909 |
_a202312 _bLúcia Elande _c55 _dLúcia Elande |
||
| 942 |
_2AGRIS _n0 _cMS |
||
| 999 |
_c268226 _d268226 |
||